|
|
|
|
| LEADER |
03063nam a2200661 4500 |
| 001 |
ocn902804597 |
| 003 |
OCoLC |
| 005 |
20170124071201.5 |
| 006 |
m o d |
| 007 |
cr cnu---unuuu |
| 008 |
150205s2015 gw ob 001 0 eng d |
| 040 |
|
|
|a N$T
|b eng
|e rda
|e pn
|c N$T
|d DG1
|d OCLCF
|d YDXCP
|d DEBSZ
|d TEFOD
|d DG1
|d GrThAP
|
| 019 |
|
|
|a 903898153
|
| 020 |
|
|
|a 9783527684991
|q electronic bk.
|
| 020 |
|
|
|a 3527684999
|q electronic bk.
|
| 020 |
|
|
|a 9783527685011
|q electronic bk.
|
| 020 |
|
|
|a 3527685014
|q electronic bk.
|
| 020 |
|
|
|z 9783527338047
|
| 020 |
|
|
|z 3527338047
|
| 020 |
|
|
|z 9783527684984
|
| 020 |
|
|
|z 3527684980
|
| 024 |
7 |
|
|a 10.1002/9783527684984
|2 doi
|
| 029 |
1 |
|
|a AU@
|b 000054572795
|
| 029 |
1 |
|
|a NZ1
|b 15914891
|
| 029 |
1 |
|
|a CHVBK
|b 334094925
|
| 029 |
1 |
|
|a CHBIS
|b 010442389
|
| 029 |
1 |
|
|a DEBSZ
|b 431875138
|
| 029 |
1 |
|
|a NLGGC
|b 395955939
|
| 029 |
1 |
|
|a DEBBG
|b BV043616086
|
| 035 |
|
|
|a (OCoLC)902804597
|z (OCoLC)903898153
|
| 037 |
|
|
|a 9FF5D57A-98E2-4926-AC28-C3053624D0A1
|b OverDrive, Inc.
|n http://www.overdrive.com
|
| 050 |
|
4 |
|a TP248.2
|
| 072 |
|
7 |
|a SCI
|x 013060
|2 bisacsh
|
| 072 |
|
7 |
|a TEC
|x 009010
|2 bisacsh
|
| 082 |
0 |
4 |
|a 660.63
|2 23
|
| 049 |
|
|
|a MAIN
|
| 100 |
1 |
|
|a Katoh, Shigeo,
|e author.
|
| 245 |
1 |
0 |
|a Biochemical engineering :
|b a textbook for engineers, chemists and biologists.
|
| 250 |
|
|
|a Second edition /
|b Shigeo Katoh, Jun-ichi Horiuchi and Fumitake Yoshida.
|
| 264 |
|
1 |
|a Weinheim :
|b Wiley-VCH,
|c 2015.
|
| 300 |
|
|
|a 1 online resource.
|
| 336 |
|
|
|a text
|b txt
|2 rdacontent
|
| 337 |
|
|
|a computer
|b c
|2 rdamedia
|
| 338 |
|
|
|a online resource
|b cr
|2 rdacarrier
|
| 504 |
|
|
|a Includes bibliographical references and index.
|
| 588 |
0 |
|
|a Print version record.
|
| 505 |
0 |
|
|a Front Matter -- Part I: Basic Concepts and Principles. Introduction -- Elements of Physical Transfer Processes -- Chemical and Biochemical Kinetics -- Cell Kinetics -- Part II: Unit Operations and Apparatus for Biosystems. Heat Transfer -- Mass Transfer -- Bioreactors -- Membrane Processes -- Cell-Liquid Separation and Cell Disruption -- Sterilization -- Adsorption and Chromatography -- Part III: Practical Aspects in Bioengineering. Fermentor Engineering -- Instrumentation and Control of Bioprocesses -- Downstream Operations in Bioprocesses -- Medical Devices -- Appendix A: Conversion Factors for Units -- Appendix B: Solutions to the Problems.
|
| 650 |
|
0 |
|a Biochemical engineering
|v Textbooks.
|
| 650 |
|
7 |
|a SCIENCE / Chemistry / Industrial & Technical
|2 bisacsh
|
| 650 |
|
7 |
|a TECHNOLOGY & ENGINEERING / Chemical & Biochemical
|2 bisacsh
|
| 650 |
|
7 |
|a Biochemical engineering.
|2 fast
|0 (OCoLC)fst00831936
|
| 655 |
|
4 |
|a Electronic books.
|
| 655 |
|
7 |
|a Textbooks.
|2 fast
|0 (OCoLC)fst01423863
|
| 700 |
1 |
|
|a Horiuchi, Jun'ichi,
|d 1959-
|e author.
|
| 700 |
1 |
|
|a Yoshida, Fumitake,
|d -2007,
|e author.
|
| 776 |
0 |
8 |
|i Print version:
|a Katoh, Shigeo, author.
|t Biochemical engineering.
|b Second edition
|z 9783527338047
|w (OCoLC)897448491
|
| 856 |
4 |
0 |
|u https://doi.org/10.1002/9783527684984
|z Full Text via HEAL-Link
|
| 994 |
|
|
|a 92
|b DG1
|